Normal view
MARC view
- Soulé Egea, Gabriela
Entry Nombre Personal
001 - NUMERO DE CONTROL
- campo de control: 39420
003 - IDENTIFICADOR DE NUMERO DE CONTROL
- campo de control: UPN
005 - FECHA Y HORA DE LA ÜLTIMA TRANSACCIÓN
- campo de control: 20210219194545.0
008 - DATOS DE LONGITUD FIJA
- campo de control de longitud fija: nabaccnnaabn|||||||||| b |nc|||||d
035 ## - NUMERO DE CONTROL
- Número de control: UPN11000011527
040 ## - FUENTE DE CATALOGACIÓN
- Lenguaje de catalogación: SPA
- Agencia de transcripción: UPN
053 #4 - NÚMERO DE CLASIFICACIÓN LC
- Número de clasificación elemento-número único o número inicial de tramo: PQ7298.429 O9.4
100 1# - ENCABEZAMIENTO - NOMBRE PERSONAL
- Nombre personal: Soulé Egea, Gabriela
670 ## - FUENTE EN LA QUE SE LOCALIZARON DATOS
- Cita de la fuente: T
- Uniform Resource Identifier: https://www.amazon.com/Gabriela-Soule/e/B008K18NQY
680 ## - NOTA PUBLICA DE ACCESO PÚBLICO
- Frase explicativa de la referencia: Escritora, Doctora en Educación con especialización en Educación Especial mexicana
902 ## - CATALOGADOR
- Catalogador: MMA/111116
